Further advances in twistor theory. (Record no. 11828)
[ view plain ]
| 000 -LEADER | |
|---|---|
| fixed length control field | 01319pam a2200361 ib4500 |
| 001 - CONTROL NUMBER | |
| control field | 4344081 |
| 003 - CONTROL NUMBER IDENTIFIER | |
| control field | EG-ScBUE |
| 005 - DATE AND TIME OF LATEST TRANSACTION | |
| control field | 20250428105921.0 |
| 008 - FIXED-LENGTH DATA ELEMENTS--GENERAL INFORMATION | |
| fixed length control field | 891128t2001 flua f b 001 0 eng d |
| 020 ## - INTERNATIONAL STANDARD BOOK NUMBER | |
| International Standard Book Number | 1584880473 (volume 3) |
| 020 ## - INTERNATIONAL STANDARD BOOK NUMBER | |
| International Standard Book Number | 9781584880479 |
| 040 ## - CATALOGING SOURCE | |
| Original cataloging agency | EG-ScBUE |
| Language of cataloging | eng |
| Description conventions | rda |
| Transcribing agency | EG-ScBUE |
| Modifying agency | EG-ScBUE |
| 082 04 - DEWEY DECIMAL CLASSIFICATION NUMBER | |
| Classification number | 530.142 |
| Edition number | 22 |
| Item number | FUR |
| 245 00 - TITLE STATEMENT | |
| Title | Further advances in twistor theory. |
| Number of part/section of a work | volume 3, |
| Name of part/section of a work | Curved twistor spaces / |
| Statement of responsibility, etc | L. J. Mason, St Peter's College and the Mathematical Institute, Oxford [and three others] (editors) |
| 246 30 - VARYING FORM OF TITLE | |
| Title proper/short title | Curved twistor spaces |
| 264 #1 - PUBLICATION, DISTRIBUTION, ETC. (IMPRINT) | |
| Place of publication, distribution, etc | Boca Raton : |
| Name of publisher, distributor, etc | Chapman & Hall/CRC, |
| Date of publication, distribution, etc | [2001] |
| 264 #4 - PUBLICATION, DISTRIBUTION, ETC. (IMPRINT) | |
| Date of publication, distribution, etc | c2001 |
| 300 ## - PHYSICAL DESCRIPTION | |
| Extent | 405 pages : |
| Other physical details | illustrations ; |
| Dimensions | 24 cm. |
| 336 ## - CONTENT TYPE | |
| Source | rdacontent |
| Content type term | text |
| Content type code | txt |
| 337 ## - MEDIA TYPE | |
| Media type term | unmediated |
| Source | rdamedia |
| Media type code | n |
| 338 ## - CARRIER TYPE | |
| Carrier type term | volume |
| Carrier type code | nc |
| Source | rdacarrier |
| 490 0# - SERIES STATEMENT | |
| Series statement | Chapman & Hall/CRC research notes in mathematics ; |
| Volume number/sequential designation | 424 |
| 500 ## - GENERAL NOTE | |
| General note | Vol. 3 published: Boca Raton : Chapman & Hall/CRC. |
| 504 ## - BIBLIOGRAPHY, ETC. NOTE | |
| Bibliography, etc | Includes bibliographical references and index. |
| 650 #7 - SUBJECT ADDED ENTRY--TOPICAL TERM | |
| Topical term or geographic name as entry element | Twistor theory. |
| 9 (RLIN) | 6163 |
| Source of heading or term | BUEsh |
| 655 ## - INDEX TERM--GENRE/FORM | |
| Form subdivision | Reading book |
| 700 1# - ADDED ENTRY--PERSONAL NAME | |
| Personal name | Mason, L. J. |
| Fuller form of name | (Lionel J.) |
| 9 (RLIN) | 6164 |
| Relator term | editor. |
| 700 1# - ADDED ENTRY--PERSONAL NAME | |
| Personal name | Hughston, L. P., |
| Dates associated with a name | 1951- |
| 9 (RLIN) | 6165 |
| Relator term | editor. |
| 700 1# - ADDED ENTRY--PERSONAL NAME | |
| Personal name | Kopak, P. Z. |
| Relator term | editor. |
| 700 1# - ADDED ENTRY--PERSONAL NAME | |
| Personal name | Pulverer, K. |
| Relator term | editor. |
| 942 ## - ADDED ENTRY ELEMENTS (KOHA) | |
| Source of classification or shelving scheme | Dewey Decimal Classification |
| Koha item type | Book - Borrowing |
| Withdrawn status | Lost status | Source of classification or shelving scheme | Damaged status | Not for loan | Collection code | Home library | Current library | Shelving location | Date acquired | Cost, normal purchase price | Total Checkouts | Full call number | Barcode | Date last seen | Price effective from | Koha item type |
|---|---|---|---|---|---|---|---|---|---|---|---|---|---|---|---|---|
| Dewey Decimal Classification | Alef-Baa | Central Library | Central Library | First floor | 14/06/2009 | 150.00 | 530.142 FUR | 000016805 | 15/07/2025 | 14/06/2009 | Book - Borrowing |